The works of Tacitus. The Oxford translation, revised with notes

Na minha lista:
Detalhes bibliográficos
Autor principal: Tácito, Cayo Cornelio (Author)
Formato: Livro
Idioma:inglês
Publicado em: Londres George Bell & sons 1892
Edição:1a. ed
Assuntos:
Tags: Adicionar Tag
Sem tags, seja o primeiro a adicionar uma tag!

MARC

LEADER 00000nam a2200000 a 4500
001 UCJ6963
003 CL-VaPUC
008 070124e18920000UK |||||||||||||||||eng|d
082 0 4 |a 887  |b TAC  |2 21 
100 0 |a Tácito, Cayo Cornelio  |e author  |9 514677 
245 1 4 |a The works of Tacitus. The Oxford translation, revised with notes 
250 |a 1a. ed 
300 |a 2 v 
942 |c BK 
945 |d 20070124 00:00:00  |a rinostro 
260 |a Londres  |b George Bell & sons  |c 1892 
500 |a Vol. I: the annals; vol. II: the history, Germany, Agricola, and dialogue on orators 
600 0 7 |a AGRICOLA, CNEO JULIO  |2 CL-VaPUC  |9 269162 
650 0 |a Literatura latina   |9 258055 
650 0 |a Oratoria  |9 307605 
650 0 |a Emperadores romanos  |9 314054 
650 0 |a Biografías  |9 255210 
583 |a last modification  |c 20070124 00:00:00  |k Rodrigo Vera 
999 |c 323065  |d 323063 
952 |0 0  |1 0  |4 0  |6 887_000000000000000_TAC_1892  |7 0  |8 X  |9 402310  |a FDOBUD  |b FDOBUD  |d 2019-11-22  |h v.1  |i 1055658  |o 887 TAC 1892  |p 1055658  |r 2019-11-22  |w 2019-11-22  |y BK_X  |k BUD 
952 |0 0  |1 0  |4 0  |6 887_000000000000000_TAC_1892  |7 0  |8 X  |9 402311  |a FDOBUD  |b FDOBUD  |d 2019-11-22  |h v.2  |i 1055666  |o 887 TAC 1892  |p 1055666  |r 2019-11-22  |w 2019-11-22  |y BK_X  |k BUD